=LDR 00000nam 2200000 4500 =001 NUTBA000000000004988 =005 20141015152452.0 =006 =007 =008 =035 ##$$a 0010-101400000000218 =040 ##$$a NBPDMAT =082 ##$$a 92 (Galileo) =090 ##$$a 92 (Galileo) $b Gal g =245 ##$$a Galileo galilei / $c oleh Galilei =260 ##$$a Jakarta : $b Nobel Edumedia, 2008 =300 ##$$a 24 hlm. : $b ilus. ; $c 23 cm. =650 ##$$a Galieo 1564-1672